书目信息 |
| 题名: |
轻工机械卷
|
|
| 作者: | ;国家轻工业局行业管理司质量标准处 编 | |
| 分册: | ||
| 出版信息: | 北京 中国标准出版社 2003.04 |
|
| 页数: | 170页 | |
| 开本: | 26cm | |
| 丛书名: | 中国轻工业标准汇编 | |
| 单 册: | ||
| 中图分类: | TS91 | |
| 科图分类: | ||
| 主题词: | 五金制品--加工工业 | |
| 电子资源: | ||
| ISBN: | 7-5066-3028-1 | |
| 000 | 00893nam0 2200241 450 | |
| 001 | 0743425259 | |
| 005 | 20080105134938.27 | |
| 010 | @a7-5066-3028-1@dCNY33.00 | |
| 100 | @a20071121d2003 km y0chiy0120 ea | |
| 101 | 0 | @achi |
| 102 | @aCN@b110000 | |
| 200 | 1 | @a轻工机械卷@Aqing gong ji xie juan@e常用基础标准分册@f国家轻工业局行业管理司质量标准处编@Fguo jia qing gong ye ju hang ye guan li si zhi liang biao zhun chu bian |
| 210 | @a北京@c中国标准出版社@d2003.04 | |
| 215 | @a170页@d26cm | |
| 225 | 2 | @a中国轻工业标准汇编 |
| 410 | 0 | @12001 @a中国轻工业标准汇编 |
| 517 | 1 | @a常用基础标准分册@Achang yong ji chu biao zhun fen ce |
| 606 | 0 | @a五金制品@x加工工业 |
| 690 | @aTS91@v4 | |
| 711 | 02 | @a国家轻工业局行业管理司质量标准处@Aguo jia qing gong ye ju hang ye guan li si zhi liang biao zhun chu@4编 |
| 801 | 0 | @aCN@bNISOFT@c20080105 |
| 905 | @aBZT@dTS91@e2 | |
| 906 | @dCNY33.00@n0@r1 | |
| 轻工机械卷:常用基础标准分册/国家轻工业局行业管理司质量标准处编.-北京:中国标准出版社,2003.04 |
| 170页;26cm.-(中国轻工业标准汇编) |
| ISBN 7-5066-3028-1:CNY33.00 |
| ● |
| 相关链接 |
|
|
|
正题名:轻工机械卷
索取号:TS91/2
 
预约/预借
| 序号 | 登录号 | 条形码 | 馆藏地/架位号 | 状态 | 备注 |
| 1 | 608600 | 2000608600 | 中心书库中库/ 中库025架A面8列6层11/ [索取号:TS91/2] | 在馆 | |
| 2 | 608601 | 2000608601 | 中心书库中库/ 中库025架A面8列6层18/ [索取号:TS91/2] | 在馆 | |
| 3 | 608602 | 2000608602 | 中心书库中库/ 中库025架A面8列6层14/ [索取号:TS91/2] | 在馆 | |
| 4 | 608603 | 2000608603 | 中心书库中库/ 中库025架A面8列6层15/ [索取号:TS91/2] | 在馆 | |
| 5 | 608604 | 2000608604 | 中心书库中库/ 中库025架A面8列6层16/ [索取号:TS91/2] | 在馆 | |
| 6 | 608605 | 2000608605 | 中心书库中库/ 中库025架A面8列6层20/ [索取号:TS91/2] | 在馆 | |
| 7 | 608606 | 2000608606 | 中心书库中库/ 中库025架A面8列6层12/ [索取号:TS91/2] | 在馆 | |
| 8 | 608607 | 2000608607 | 中心书库中库/ 中库025架A面8列6层13/ [索取号:TS91/2] | 在馆 | |
| 9 | 608608 | 2000608608 | 中心书库中库/ 中库025架A面8列6层17/ [索取号:TS91/2] | 在馆 | |
| 10 | 608609 | 2000608609 | 中心书库中库/ 中库025架A面8列6层19/ [索取号:TS91/2] | 在馆 |